[Event "olm"]
[Site "Novi Sad olm"]
[Date "1990.??.??"]
[Round "?"]
[White "Oll, Lembit"]
[Black "Novikov, Igor A"]
[Result "0-1"]
[WhiteElo "2570"]
[BlackElo "2550"]
[PlyCount "74"]
[EventDate "1990.??.??"]
[Source "www.chesslib.no"]
[SourceDate "2004.05.04"]

1. e4 c5 2. Nf3 d6 3. d4 cxd4 4. Nxd4 Nf6 5. Nc3 a6 6. Bg5 e6 7. f4 Be7 8. Qd3 Qc7 9. O-O-O Nbd7 10. Be2 b5 11. Bf3 Bb7 12. a3 Rc8 13. Rhe1 O-O 14. g4 Nb6 15. Bh4 Nc4 16. Bxf6 Bxf6 17. Nde2 g5 18. e5 dxe5 19. Bxb7 Qxb7 20. Ne4 Qd7 21. f5 exf5 22. gxf5 Bg7 23. N2c3 f6 24. Nd5 Qa7 25. h4 h6 26. hxg5 hxg5 27. Qh3 Qf7 28. Rh1 Rfd8 29. Qh7+ Kf8 30. Qg6 Qxg6 31. fxg6 Nd6 32. Ndxf6 Bxf6 33. Nxd6 Rc6 34. Nf5 Rdc8 35. Rh2 Bg7 36. Rd7 Rxg6 37. Rh7 Ra8 0-1

[Event "Griesheim GM"]
[Site "Griesheim"]
[Date "2002.01.29"]
[Round "7"]
[White "Milov, Leonid"]
[Black "Ruck, Robert"]
[Result "0-1"]
[WhiteElo "2470"]
[BlackElo "2581"]
[PlyCount "46"]
[EventDate "2002.01.23"]
[Source "ChessBase"]
[SourceDate "2002.03.21"]

1. e4 c5 2. Nf3 d6 3. d4 cxd4 4. Nxd4 Nf6 5. Nc3 a6 6. Bg5 e6 7. Qf3 h6 8. Bh4 Nbd7 9. O-O-O Qc7 10. Qh3 Be7 11. f4 b5 12. a3 Rb8 13. e5 dxe5 14. fxe5 Nxe5 15. Bg3 b4 16. axb4 Rxb4 17. Nf3 Nfg4 18. Qh5 Bf6 19. Re1 g6 20. Nd5 exd5 21. Nxe5 O-O 22. Nxg4 Bxb2+ 23. Kd1 Rd4+ 0-1

[Event "1. ch-SCG"]
[Site "?"]
[Date "2005.04.05"]
[Round "4"]
[White "Ivanisevic Ivan"]
[Black "Pikula Dejan"]
[Result "0-1"]
[WhiteElo "2542"]
[BlackElo "2485"]
[PlyCount "80"]
[EventDate "2005.??.??"]
[Source "www.chesslib.no"]
[SourceDate "2004.05.04"]

1. e4 c5 2. Nf3 d6 3. d4 cxd4 4. Nxd4 Nf6 5. Nc3 a6 6. Bg5 e6 7. f4 Be7 8. Qf3 Nbd7 9. Bc4 h6 10. Bxf6 Bxf6 11. O-O-O O-O 12. Bb3 Qb6 13. Nde2 Nc5 14. g4 a5 15. a3 Nxb3+ 16. cxb3 Qxb3 17. Rxd6 Ra6 18. Nd4 Bxd4 19. Rxd4 e5 20. fxe5 Rc6 21. Qd1 Rxc3+ 22. bxc3 Qxc3+ 23. Kb1 Qxa3 24. Qd3 Qc5 25. Rc1 Qb6+ 26. Ka1 Bxg4 27. Rd5 Be6 28. Qd4 Qa6 29. Qd3 Qa8 30. Rc7 a4 31. Qb5 a3 32. Rd3 Rc8 33. Rc5 Kh7 34. Rdd5 Rxc5 35. Qxc5 b6 36. Qc2 Qa6 37. Ka2 g6 38. Qd2 Qa4 39. Qe2 b5 40. h4 b4 0-1

[Event "Lloyds Bank Open"]
[Site "London ENG"]
[Date "1994.??.??"]
[Round "7"]
[White "Garcia, Gildardo"]
[Black "Gallagher, Joseph G"]
[Result "1-0"]
[WhiteElo "2540"]
[BlackElo "2485"]
[PlyCount "119"]
[EventDate "1994.08.??"]
[Source "www.chesslib.no"]
[SourceDate "2004.05.04"]

1. e4 c5 2. Nf3 d6 3. d4 cxd4 4. Nxd4 Nf6 5. Nc3 a6 6. Bg5 e6 7. f4 Be7 8. Qf3 Qa5 9. O-O-O Bd7 10. Bd3 Nc6 11. Nb3 Qc7 12. Be2 h6 13. Bh4 g5 14. Bg3 gxf4 15. Qxf4 Ne5 16. Kb1 h5 17. Rhf1 O-O-O 18. Qe3 h4 19. Bf4 Rdg8 20. g3 hxg3 21. Bxg3 Rh7 22. Qa7 Bc6 23. Nd4 Be8 24. a4 Qb8 25. Qb6 Qc7 26. Qb3 Bd7 27. Rd2 Qa5 28. Rfd1 Nh5 29. Nf5 exf5 30. Nd5 Bd8 31. Bxe5 dxe5 32. Bxh5 Bxa4 33. Qf3 Rg5 34. Nc3 Bc7 35. Rd5 Qb4 36. Nxa4 Qxa4 37. Qc3 Rg8 38. Bf3 fxe4 39. b3 Qc6 40. Rc5 Qb6 41. Bxe4 Rxh2 42. Rc4 Rd8 43. Rxd8+ Kxd8 44. Qg3 Rf2 45. Bxb7 Rf1+ 46. Kb2 Rf4 47. Qg5+ Ke8 48. Qg8+ Ke7 49. Be4 Qd6 50. Ka2 Qb6 51. Bd5 Qa5+ 52. Kb2 Rf1 53. Qg5+ Kf8 54. Qh6+ Ke7 55. Qg5+ f6 56. Qg7+ Kd6 57. Rc6+ Kxd5 58. Qd7+ Ke4 59. Qd3+ Kf4 60. Qxf1+ 1-0

[Event "La Serena"]
[Site "La Serena"]
[Date "1972.??.??"]
[Round "10"]
[White "Rodriguez, Orestes"]
[Black "Savon, Vladimir A"]
[Result "0-1"]
[WhiteElo "2425"]
[BlackElo "2595"]
[PlyCount "82"]
[EventDate "1972.??.??"]
[Source "www.chesslib.no"]
[SourceDate "2004.05.04"]

1. e4 c5 2. Nf3 d6 3. d4 cxd4 4. Nxd4 Nf6 5. Nc3 a6 6. Bg5 e6 7. f4 Be7 8. Qe2 h6 9. Bxf6 Bxf6 10. O-O-O Nd7 11. e5 dxe5 12. fxe5 Bxe5 13. Nxe6 fxe6 14. Qh5+ Ke7 15. Bc4 Bxc3 16. bxc3 Qc7 17. Bxe6 Qf4+ 18. Kb1 Ne5 19. Bxc8 Raxc8 20. Rde1 Rc5 21. Rhf1 g6 22. Qxg6 Rb5+ 23. Ka1 Qc1+ 24. Rxc1 Nxg6 25. c4 Rc5 26. Rb1 Rb8 27. Rb6 Rc6 28. Rfb1 Ne5 29. Rxb7+ Rxb7 30. Rxb7+ Kf6 31. Rh7 Kg6 32. Re7 Nxc4 33. a4 Kf5 34. Ka2 Rb6 35. Re2 Rb2+ 36. Ka1 Rb4 37. c3 Rb3 38. Rf2+ Ke4 39. Rf6 Kd3 40. Rf3+ Kc2 41. Rf2+ Nd2 0-1

[Event "JUG-ch"]
[Site "Vrbas"]
[Date "1982.??.??"]
[Round "?"]
[White "Ivanovic, Bozidar"]
[Black "Marjanovic, Slavoljub"]
[Result "0-1"]
[WhiteElo "2485"]
[BlackElo "2515"]
[PlyCount "88"]
[EventDate "1982.??.??"]
[Source "ChessBase"]

1. e4 c5 2. Nf3 d6 3. d4 cxd4 4. Nxd4 Nf6 5. Nc3 a6 6. Bg5 Nbd7 7. Qf3 h6 8. Bh4 e6 9. O-O-O Be7 10. Qh3 Qc7 11. f4 b5 12. a3 Rb8 13. Bd3 b4 14. axb4 Rxb4 15. Nb3 Nc5 16. Nxc5 Qxc5 17. Rhe1 e5 18. f5 Bb7 19. g4 Bc6 20. Re2 Kd7 21. Bf2 Qa5 22. g5 Rhb8 23. gxf6 Rxb2 24. Kd2 Bxf6 25. Bc4 Ba4 26. Ke1 Bxc2 27. Rc1 Rc8 28. Rexc2 Rxc2 29. Rxc2 Rxc4 30. Qd3 Qb4 31. Ke2 Qb3 32. Be3 Bg5 33. Bf2 Ke8 34. h3 d5 35. h4 Be7 36. exd5 e4 37. Qd1 Bb4 38. Be1 Bxc3 39. Bxc3 Rxc3 40. Rxc3 Qxc3 41. Qa4+ Kd8 42. Qxe4 f6 43. Qe6 Qe5+ 44. Kd3 Qxe6 0-1

[Event "GER Ch"]
[Site "Binz GER"]
[Date "1994.??.??"]
[Round "9"]
[White "Enders, Peter"]
[Black "Wahls, Matthias"]
[Result "1/2-1/2"]
[WhiteElo "2450"]
[BlackElo "2520"]
[PlyCount "132"]
[EventDate "1994.11.??"]
[Source "www.chesslib.no"]
[SourceDate "2004.05.04"]

1. e4 c5 2. Nf3 d6 3. d4 cxd4 4. Nxd4 Nf6 5. Nc3 a6 6. Bg5 e6 7. f4 Be7 8. Qf3 Qa5 9. O-O-O Bd7 10. Bc4 Nc6 11. Bb3 h6 12. Bh4 Qh5 13. Qxh5 Nxh5 14. Bxe7 Kxe7 15. Rhf1 g5 16. f5 Nf6 17. Nxc6+ Bxc6 18. Rfe1 Ng4 19. h3 Ne5 20. Rf1 b5 21. Rd4 a5 22. a3 Rhd8 23. Kd2 Rab8 24. Ke3 h5 25. Ne2 h4 26. c3 Rb6 27. Rdd1 Rg8 28. Nd4 Bd7 29. f6+ Kd8 30. Nf3 Nxf3 31. gxf3 e5 32. Bxf7 Rf8 33. Bh5 Bxh3 34. Rg1 Rxf6 35. Rxg5 Bd7 36. Bg4 Rb7 37. Rg8+ Ke7 38. Bxd7 Kxd7 39. Rh8 b4 40. Rxh4 bxc3 41. Rh7+ Kc6 42. Rxb7 c2 43. Rc1 Kxb7 44. Rxc2 Rh6 45. a4 Rh8 46. Rc3 Kb6 47. Rb3+ Kc6 48. Kf2 Rg8 49. Rb5 Ra8 50. Ke3 Ra7 51. f4 exf4+ 52. Kxf4 Ra8 53. Ke3 Ra7 54. Kd4 Ra8 55. b3 Ra7 56. Kc3 Ra8 57. Rh5 Ra7 58. Kc4 Ra8 59. Rf5 Ra7 60. e5 dxe5 61. Rxe5 Ra8 62. Re6+ Kc7 63. Kc5 Rh8 64. Rc6+ Kb7 65. Kb5 Rh5+ 66. Rc5 Rh3 1/2-1/2

[Event "Cappelle op"]
[Site "Cappelle la Grande "]
[Date "1996.??.??"]
[Round "2"]
[White "Brodsky, Michail"]
[Black "Rowson, Jonathan"]
[Result "1-0"]
[WhiteElo "2545"]
[BlackElo "2415"]
[PlyCount "43"]
[EventDate "1996.02.??"]
[Source "ChessBase"]

1. e4 c5 2. Nf3 d6 3. d4 Nf6 4. Nc3 cxd4 5. Nxd4 a6 6. Bg5 e6 7. f4 Be7 8. Qf3 Qa5 9. O-O-O Bd7 10. g4 Nc6 11. Nb3 Qc7 12. Bh4 h6 13. Bg3 O-O-O 14. h4 d5 15. exd5 Nxd5 16. Rxd5 exd5 17. Nxd5 Qb8 18. Nb6+ Kc7 19. f5+ Bd6 20. Nc4 Bc8 21. Nxd6 Rxd6 22. Na5 1-0

[Event "Minsk"]
[Site "Minsk"]
[Date "1994.??.??"]
[Round "2"]
[White "Luther, Thomas"]
[Black "Pedersen, Steffen"]
[Result "1-0"]
[WhiteElo "2515"]
[BlackElo "2420"]
[PlyCount "109"]
[EventDate "1994.02.??"]
[Source "ChessBase"]

1. e4 c5 2. Nf3 d6 3. d4 cxd4 4. Nxd4 Nf6 5. Nc3 a6 6. Bg5 e6 7. f4 Be7 8. Qf3 Qa5 9. O-O-O Bd7 10. Bc4 Nc6 11. Bb3 h6 12. Bh4 g5 13. Be1 Qc7 14. f5 Nxd4 15. Rxd4 Rc8 16. fxe6 fxe6 17. Rd2 b5 18. Rf1 b4 19. Ne2 g4 20. Qe3 Qc5 21. Qd4 a5 22. c3 e5 23. Qxc5 Rxc5 24. Rxd6 Bxd6 25. Rxf6 Be7 26. Ra6 Rf8 27. Ra8+ Bd8 28. Ng3 Bc6 29. Ra7 Bg5+ 30. Kd1 Rf6 31. Nf5 Rxf5 32. exf5 Bxg2 33. Bf2 Rc8 34. Bf7+ Kf8 35. Be6 Rc6 36. Kc2 bxc3 37. bxc3 Be4+ 38. Kb3 Bf3 39. Rxa5 Bd1+ 40. Kb2 Bd2 41. Bc5+ Kg7 42. Ra7+ Kh8 43. Ra8+ Kg7 44. Ra7+ Kh8 45. Bb4 Bf3 46. Ra8+ Kg7 47. Ra7+ Kh8 48. Rd7 Bg5 49. c4 Rb6 50. Kc3 e4 51. Bc5 Bf6+ 52. Bd4 Bxd4+ 53. Kxd4 Rb2 54. Ke5 e3 55. Kf6 1-0

[Event "Plovdiv"]
[Site "Plovdiv"]
[Date "1982.??.??"]
[Round "10"]
[White "Inkiov, Ventzislav"]
[Black "Tringov, Georgi P"]
[Result "0-1"]
[WhiteElo "2475"]
[BlackElo "2460"]
[PlyCount "70"]
[EventDate "1982.08.??"]
[Source "ChessBase"]

1. e4 c5 2. Nc3 d6 3. Nge2 Nf6 4. d4 cxd4 5. Nxd4 a6 6. Bg5 e6 7. Qf3 h6 8. Bh4 Nbd7 9. O-O-O Qc7 10. Qh3 Be7 11. f4 Nc5 12. Bd3 b5 13. a3 Bb7 14. Rhe1 O-O-O 15. Bf2 Kb8 16. Kb1 Rc8 17. Nb3 Rhd8 18. Qg3 g6 19. h3 Nxb3 20. cxb3 Bc6 21. e5 Nd7 22. b4 g5 23. fxg5 Nxe5 24. gxh6 Rg8 25. Qe3 Bg5 26. Qd4 Bxh6 27. Be4 Bxe4+ 28. Nxe4 Nc4 29. Re2 Rxg2 30. Qa7+ Qxa7 31. Bxa7+ Kxa7 32. Rxg2 d5 33. Nc3 Ne3 34. Rf2 Nxd1 35. Rxf7+ Kb6 0-1

[Event "Trnava"]
[Site "Trnava SVK"]
[Date "1987.??.??"]
[Round "?"]
[White "Lanc, Alois"]
[Black "Danner, Georg"]
[Result "0-1"]
[WhiteElo "2495"]
[BlackElo "2405"]
[PlyCount "66"]
[EventDate "1987.03.??"]
[Source "www.chesslib.no"]
[SourceDate "2004.05.04"]

1. e4 c5 2. Nf3 d6 3. d4 cxd4 4. Nxd4 Nf6 5. Nc3 a6 6. Bg5 e6 7. f4 Be7 8. Qf3 Qa5 9. O-O-O Bd7 10. g4 Nc6 11. Nb3 Qc7 12. Bh4 h6 13. Bg3 Rc8 14. Bd3 b5 15. g5 hxg5 16. fxg5 Nh5 17. g6 f6 18. Bxb5 axb5 19. Nxb5 Qb6 20. Nxd6+ Bxd6 21. Bxd6 Nb4 22. Bxb4 Qxb4 23. Rd4 Rc4 24. Rd3 e5 25. Rhd1 Rc7 26. a3 Qa4 27. R1d2 Qa7 28. Qd1 Nf4 29. Rd6 Rh6 30. Nc5 Qxc5 31. Rxd7 Rxd7 32. Rxd7 Ne2+ 33. Kb1 Nc3+ 0-1

[Event "Koge op"]
[Site "Koge"]
[Date "1997.??.??"]
[Round "1"]
[White "Nilsson, Nils Specht"]
[Black "Sadler, Matthew"]
[Result "0-1"]
[WhiteElo "2225"]
[BlackElo "2665"]
[PlyCount "78"]
[EventDate "1997.??.??"]
[Source "www.chesslib.no"]
[SourceDate "2004.05.04"]

1. e4 c5 2. Nf3 d6 3. d4 cxd4 4. Nxd4 Nf6 5. Nc3 a6 6. Bg5 e6 7. f4 Be7 8. Nf3 Qb6 9. Qd4 Qxb2 10. Rb1 Qxc2 11. Bxf6 Bxf6 12. e5 Nc6 13. Qe3 dxe5 14. fxe5 Be7 15. Rb3 Nb4 16. Nd4 Qg6 17. a3 Nc2+ 18. Nxc2 Qxc2 19. Ne4 b5 20. Be2 Bb7 21. Bf3 O-O 22. O-O Rac8 23. Kh1 Bd5 24. Rbb1 Bxe4 25. Bxe4 Qc5 26. Qf4 Qxa3 27. Rf3 Rc3 28. Rbf1 Rxf3 29. gxf3 Rd8 30. Rg1 g6 31. h4 Qb3 32. Kh2 Rd1 33. Rg2 Qb4 34. h5 Qe1 35. hxg6 hxg6 36. Kh3 Kg7 37. Qg4 Qh1+ 38. Kg3 Rg1 39. f4 a5 0-1

[Event "XI Ciudad de Albacete"]
[Site "Albacete"]
[Date "2003.09.04"]
[Round "6"]
[White "Castellanos, Renier"]
[Black "Ibarra Jerez, Jose Carlos"]
[Result "1/2-1/2"]
[WhiteElo "2489"]
[BlackElo "2387"]
[PlyCount "63"]
[EventDate "2003.09.01"]
[Source "Roberto Alvarez"]
[SourceDate "2003.09.15"]

1. e4 c5 2. Nf3 d6 3. d4 Nf6 4. Nc3 cxd4 5. Nxd4 a6 6. Bg5 e6 7. f4 Be7 8. Qf3 Qa5 9. O-O-O Bd7 10. g4 Nc6 11. Nb3 Qc7 12. Bh4 h6 13. Bg3 g5 14. e5 Nh7 15. exd6 Bxd6 16. Rxd6 Qxd6 17. fxg5 Nxg5 18. Qf6 Qf8 19. h4 Nh7 20. Qf3 O-O-O 21. Ne4 e5 22. Nbc5 Qe7 23. Qa3 Nb8 24. Qc3 Nc6 25. Bxa6 bxa6 26. Qc4 Be8 27. Qxa6+ Kb8 28. Bxe5+ Nxe5 29. Qb6+ Kc8 30. Qa6+ Kb8 31. Qb6+ Kc8 32. Qa6+ 1/2-1/2

[Event "Budapest FS04 GM"]
[Site "Budapest"]
[Date "1996.??.??"]
[Round "10"]
[White "Videki, Sandor"]
[Black "Rowson, Jonathan"]
[Result "1/2-1/2"]
[WhiteElo "2460"]
[BlackElo "2415"]
[PlyCount "79"]
[EventDate "1996.04.??"]
[Source "ChessBase"]

1. e4 c5 2. Nf3 d6 3. d4 Nf6 4. Nc3 cxd4 5. Nxd4 a6 6. Bg5 e6 7. f4 Be7 8. Qf3 Qa5 9. O-O-O Bd7 10. Bc4 Nc6 11. Bb3 h6 12. Bh4 Qh5 13. Qxh5 Nxh5 14. Bxe7 Kxe7 15. g3 g5 16. f5 Nf6 17. Rhf1 Nxd4 18. Rxd4 Bc6 19. Rfd1 Rad8 20. fxe6 fxe6 21. e5 dxe5 22. Rxd8 Rxd8 23. Rxd8 Kxd8 24. Bxe6 Bd7 25. Bd5 Kc7 26. Bf3 Bc6 27. Be2 Kd6 28. Kd2 e4 29. Nd1 Bd5 30. Ne3 Ke5 31. a3 Be6 32. b4 h5 33. a4 h4 34. a5 Bf7 35. Ng4+ Nxg4 36. Bxg4 Kd4 37. c3+ Kc4 38. Be2+ Kb3 39. gxh4 gxh4 40. b5 1/2-1/2

[Event "Ubeda op"]
[Site "Ubeda"]
[Date "1996.??.??"]
[Round "?"]
[White "Jukic, Branimir"]
[Black "Volzhin, Alexander"]
[Result "0-1"]
[WhiteElo "2390"]
[BlackElo "2485"]
[PlyCount "58"]
[EventDate "1996.01.??"]
[Source "ChessBase"]

1. e4 c5 2. Nf3 d6 3. d4 cxd4 4. Nxd4 Nf6 5. Nc3 a6 6. Bg5 e6 7. f4 Be7 8. Qf3 Nbd7 9. Bc4 h6 10. Bxf6 Bxf6 11. O-O-O O-O 12. g4 Qc7 13. Bb3 b5 14. e5 Bb7 15. Qh3 dxe5 16. Nxe6 fxe6 17. Bxe6+ Kh8 18. Rhg1 Nc5 19. g5 exf4 20. gxf6 Rxf6 21. Bd5 Raf8 22. Bxb7 Qxb7 23. b4 Ne6 24. Qd3 f3 25. Ne4 Rf4 26. Rge1 Qc6 27. Nf2 Rxb4 28. Qa3 Qc5 29. Rd3 Nd4 0-1

[Event "Pernik"]
[Site "Pernik"]
[Date "1981.??.??"]
[Round "8"]
[White "Inkiov, Ventzislav"]
[Black "Szekely, Peter"]
[Result "1/2-1/2"]
[WhiteElo "2445"]
[BlackElo "2425"]
[PlyCount "155"]
[EventDate "1981.06.??"]
[Source "ChessBase"]

1. e4 c5 2. Nf3 d6 3. d4 cxd4 4. Nxd4 Nf6 5. Nc3 a6 6. Bg5 e6 7. Qf3 Nbd7 8. O-O-O h6 9. Bh4 Qc7 10. Qh3 Be7 11. f4 b5 12. a3 g6 13. e5 dxe5 14. fxe5 Nxe5 15. Be2 Nd5 16. Bxe7 Qxe7 17. Nxd5 exd5 18. Qg3 O-O 19. Rhe1 Re8 20. Nf3 Bf5 21. Bxb5 axb5 22. Rxe5 Qf6 23. Rdxd5 Be6 24. Rxb5 Ra4 25. h3 Rd8 26. Re3 Rf4 27. Qe1 Rc8 28. Rb4 Qf5 29. Rc3 Rd8 30. Qe3 Rxb4 31. axb4 Qb5 32. Rd3 Rxd3 33. Qxd3 Qxb4 34. b3 Qa3+ 35. Kb1 Bf5 36. Qe3 g5 37. Qe8+ Kg7 38. Qe5+ Kg6 39. Nd4 Bd7 40. Qe4+ f5 41. Qe5 Qf8 42. c4 f4 43. c5 h5 44. c6 Bc8 45. c7 g4 46. h4 Qf7 47. Qg5+ Kh7 48. Qe5 f3 49. gxf3 gxf3 50. Qe4+ Kg7 51. Qxf3 Qxc7 52. Qxh5 Qf4 53. Qc5 Qxh4 54. Nf5+ Bxf5+ 55. Qxf5 Qb4 56. Kc2 Kg8 57. Qc8+ Kf7 58. Qc3 Qb7 59. Qd3 Qc6+ 60. Kb2 Ke7 61. Ka3 Qc5+ 62. b4 Qa7+ 63. Kb3 Ke6 64. Qd8 Qb7 65. Qd4 Qf3+ 66. Ka4 Qa8+ 67. Kb5 Qe8+ 68. Ka6 Qc8+ 69. Kb5 Qe8+ 70. Kc4 Qc6+ 71. Qc5 Kd7 72. b5 Qxc5+ 73. Kxc5 Kc7 74. b6+ Kb7 75. Kb5 Kb8 76. Kc6 Kc8 77. b7+ Kb8 78. Kb6 1/2-1/2

[Event "Graz Anton Afritsch mem"]
[Site "Graz"]
[Date "1991.??.??"]
[Round "1"]
[White "Mokry, Karel"]
[Black "Danner, Georg"]
[Result "0-1"]
[WhiteElo "2510"]
[BlackElo "2360"]
[PlyCount "84"]
[EventDate "1991.03.02"]
[Source "ChessBase"]

1. e4 c5 2. Nf3 d6 3. d4 cxd4 4. Nxd4 Nf6 5. Nc3 a6 6. Bg5 e6 7. f4 Be7 8. Qf3 Qa5 9. O-O-O Bd7 10. Bc4 Nc6 11. Bb3 h6 12. Bh4 g5 13. Nxc6 Bxc6 14. Be1 Qc7 15. f5 e5 16. Nd5 Bxd5 17. Bxd5 Rc8 18. c3 b5 19. Kb1 Qb8 20. Rd3 Bd8 21. Bd2 a5 22. Qe2 Be7 23. Rd1 Kf8 24. Be3 Kg7 25. Qf2 b4 26. Ba7 Qb5 27. c4 Rxc4 28. Bxc4 Qxc4 29. Qe2 Rc8 30. Bb6 a4 31. Re3 Qc6 32. Ba5 Qc5 33. Bxb4 Qxb4 34. Rc1 Rxc1+ 35. Kxc1 Bd8 36. Qd3 Bb6 37. Re2 Bd4 38. Kb1 d5 39. exd5 Nxd5 40. Rc2 Qe1+ 41. Rc1 Qf2 42. Qc2 e4 0-1

[Event "Wichern op"]
[Site "Hamburg"]
[Date "1997.??.??"]
[Round "4"]
[White "Lugovoi, Aleksei"]
[Black "Buhr, Carl Christian"]
[Result "1-0"]
[WhiteElo "2520"]
[BlackElo "2340"]
[PlyCount "83"]
[EventDate "1997.10.??"]
[Source "www.chesslib.no"]
[SourceDate "2004.05.04"]

1. e4 c5 2. Nf3 d6 3. d4 cxd4 4. Nxd4 Nf6 5. Nc3 a6 6. Bg5 e6 7. f4 Be7 8. Qf3 Qa5 9. O-O-O h6 10. Nb3 Qc7 11. Bh4 Nc6 12. Kb1 g5 13. fxg5 Ne5 14. Qf2 Nfg4 15. Qd2 Rg8 16. Be2 hxg5 17. Bg3 Nf6 18. Rhf1 Bd7 19. h4 g4 20. Bf2 b5 21. a3 Rb8 22. Bd4 a5 23. Qe3 Bc6 24. Bd3 Nfd7 25. Qf2 g3 26. Qf4 Rg4 27. Qh6 Rxh4 28. Qg7 Rg4 29. Qh7 Nf8 30. Be2 Rh4 31. Qg8 Rh7 32. Bxe5 dxe5 33. Bh5 Bd6 34. Rxf7 Rxf7 35. Rf1 Rb7 36. Rxf7 Qxf7 37. Bxf7+ Rxf7 38. Nxa5 Ba8 39. Qxg3 b4 40. Nc4 Rf1+ 41. Ka2 bxc3 42. Nxd6+ 1-0

[Event "Spring op"]
[Site "Budapest"]
[Date "1990.??.??"]
[Round "7"]
[White "Tseitlin, Mikhail S"]
[Black "Bangiev, Alexander"]
[Result "0-1"]
[WhiteElo "2465"]
[BlackElo "2390"]
[PlyCount "88"]
[EventDate "1990.??.??"]
[Source "ChessBase"]

1. e4 c5 2. Nf3 d6 3. d4 cxd4 4. Nxd4 Nf6 5. Nc3 a6 6. Bg5 e6 7. f4 Be7 8. Bd3 h6 9. Bxf6 Bxf6 10. Nf3 Qb6 11. e5 Qe3+ 12. Qe2 Qxe2+ 13. Kxe2 Be7 14. Ne4 dxe5 15. Nxe5 Nd7 16. Rad1 Nxe5 17. fxe5 Bd7 18. c4 O-O 19. Nd6 Bc6 20. Rhg1 f6 21. c5 fxe5 22. Bc4 Rf6 23. Rgf1 Raf8 24. Rxf6 Rxf6 25. Nxb7 Bxb7 26. Rd7 Bxg2 27. Rxe7 Bf1+ 28. Ke3 Bxc4 29. c6 Bd5 30. c7 Rf8 31. Rd7 Bb7 32. b4 g5 33. a4 h5 34. b5 axb5 35. axb5 g4 36. Re7 h4 37. Rxe6 Kf7 38. Rb6 Bc8 39. Rh6 h3 40. b6 Kg7 41. Rh4 Rf4 42. Rh5 Rb4 43. Rxe5 Rxb6 44. Re8 Re6+ 0-1

[Event "Open, Lenk SUI"]
[Site "?"]
[Date "2001.??.??"]
[Round "6"]
[White "Groszpeter, A."]
[Black "Loeffler, M."]
[Result "1-0"]
[WhiteElo "2480"]
[BlackElo "2375"]
[PlyCount "45"]
[EventDate "2001.??.??"]
[Source "www.chesslib.no"]
[SourceDate "2004.05.04"]

1. e4 c5 2. Nf3 d6 3. d4 cxd4 4. Nxd4 Nf6 5. Nc3 a6 6. Bg5 e6 7. f4 Be7 8. Qf3 Nbd7 9. Bc4 h6 10. Bxf6 Bxf6 11. O-O-O Qb6 12. Nxe6 fxe6 13. Bxe6 Nf8 14. Bxc8 Rxc8 15. e5 dxe5 16. fxe5 Bg5+ 17. Kb1 Rd8 18. Nd5 Qc6 19. h4 Nh7 20. e6 Rxd5 21. Qf7+ Kd8 22. Rxd5+ Kc8 23. Qd7+ 1-0

[Event "Tirnava"]
[Site "Trnava"]
[Date "1981.??.??"]
[Round "7"]
[White "Pavlov, Mircea"]
[Black "Magerramov, Elmar"]
[Result "1/2-1/2"]
[WhiteElo "2415"]
[BlackElo "2435"]
[PlyCount "81"]
[EventDate "1981.03.??"]
[Source "ChessBase"]

1. e4 c5 2. Nf3 d6 3. d4 cxd4 4. Nxd4 Nf6 5. Nc3 a6 6. Bg5 e6 7. Qf3 h6 8. Bh4 Nbd7 9. O-O-O Be7 10. Qh3 Qc7 11. f4 Nc5 12. f5 Ncxe4 13. Nxe4 Nxe4 14. fxe6 O-O 15. Bxe7 Qxe7 16. Qe3 d5 17. exf7+ Rxf7 18. Bd3 Bg4 19. Rdf1 Raf8 20. Rxf7 Qxf7 21. Bxe4 dxe4 22. Qxe4 Qxa2 23. Nb3 Bh5 24. g4 Bf7 25. Rf1 Re8 26. Qxb7 Bg6 27. Qb4 Kh7 28. Rf2 Re4 29. Qa5 Ra4 30. Qd5 Rxg4 31. Rf8 h5 32. Qd8 Bxc2 33. Rh8+ Kg6 34. Qe8+ Kf6 35. Qc6+ Kg5 36. Qc5+ Bf5 37. Qe7+ Kf4 38. Qd6+ Kg5 39. Qe7+ Kf4 40. Qd6+ Kg5 41. Qe7+ 1/2-1/2

[Event "Wch U20"]
[Site "Halle"]
[Date "1995.??.??"]
[Round "13"]
[White "Georgiev, Vladimir"]
[Black "Rowson, Jonathan"]
[Result "1-0"]
[WhiteElo "2440"]
[BlackElo "2400"]
[PlyCount "123"]
[EventDate "1995.09.??"]
[Source "ChessBase"]

1. e4 c5 2. Nf3 d6 3. d4 Nf6 4. Nc3 cxd4 5. Nxd4 a6 6. Bg5 e6 7. f4 Be7 8. Qf3 Qa5 9. O-O-O Bd7 10. Bd3 Nc6 11. Nb3 Qc7 12. Rhe1 h6 13. Bh4 Nxe4 14. Rxe4 Bxh4 15. Qg4 Bf6 16. Nd5 Qd8 17. Bf1 O-O 18. Nxf6+ Qxf6 19. Rxd6 Rad8 20. Qd1 Bc8 21. g3 Qe7 22. Rxd8 Rxd8 23. Qe1 b6 24. Bd3 Bb7 25. a3 Kf8 26. Re3 a5 27. Kb1 Qd6 28. Be2 Ne7 29. Rd3 Qc7 30. Qc3 Qc8 31. Qxc8 Rxc8 32. Nd2 Ba6 33. c4 Nc6 34. Bf3 a4 35. Rd6 Na5 36. Rxb6 Bxc4 37. Nxc4 Nxc4 38. Rc6 Nd2+ 39. Ka2 Rd8 40. Bd1 Ra8 41. Rd6 Nf1 42. Rd4 Nxh2 43. Bxa4 Nf1 44. Bc6 Rc8 45. Bb7 Rb8 46. Rd7 Nxg3 47. a4 Nh5 48. Bc6 Rc8 49. Bf3 Nf6 50. Rd4 Nd5 51. Bxd5 Rd8 52. a5 exd5 53. b4 Ke7 54. Kb3 Kd6 55. Ka4 g5 56. fxg5 hxg5 57. a6 f5 58. Ka5 f4 59. a7 f3 60. b5 Kc7 61. Rxd5 f2 62. b6+ 1-0

[Event "Saintly Cup"]
[Site "Sydney"]
[Date "1999.01.31"]
[Round "9"]
[White "Solomon, Stephen J"]
[Black "Mas, Hafizulhelmi"]
[Result "1-0"]
[WhiteElo "2435"]
[BlackElo "2401"]
[PlyCount "63"]
[EventDate "1999.01.22"]
[Source "ChessBase"]
[SourceDate "1999.06.08"]

1. e4 c5 2. Nf3 d6 3. d4 cxd4 4. Nxd4 Nf6 5. Nc3 a6 6. Bg5 e6 7. f4 Be7 8. Qf3 Qa5 9. O-O-O Bd7 10. e5 dxe5 11. Nb3 Qc7 12. fxe5 Bc6 13. Qg3 Nh5 14. Qe3 h6 15. Bxe7 Qxe7 16. h4 g6 17. Na5 Ng7 18. Rh3 h5 19. Ne4 Nf5 20. Qf4 Qc7 21. Nxc6 Nxc6 22. Nd6+ Kf8 23. Bd3 Qa5 24. Bxf5 gxf5 25. Re3 Rb8 26. a3 Ne7 27. Qg5 Rh7 28. b4 Qa4 29. Rc3 Nc6 30. Rg3 Ne7 31. Nxb7 f4 32. Nc5 1-0

[Event "Cannes op"]
[Site "Cannes"]
[Date "1995.??.??"]
[Round "4"]
[White "Howell, James C"]
[Black "Borne, Niels"]
[Result "1-0"]
[WhiteElo "2520"]
[BlackElo "2315"]
[PlyCount "95"]
[EventDate "1995.02.??"]
[Source "ChessBase"]

1. e4 c5 2. Nf3 d6 3. d4 cxd4 4. Nxd4 Nf6 5. Nc3 a6 6. Bg5 e6 7. f4 Be7 8. Qf3 Qa5 9. O-O-O Bd7 10. Bc4 Nc6 11. Bb3 h6 12. Bh4 g5 13. Be1 Qc7 14. f5 Na5 15. Bxe6 fxe6 16. fxe6 Bc6 17. Nxc6 bxc6 18. e5 O-O 19. Qd3 d5 20. exf6 Bxf6 21. e7 Rf7 22. Qg6+ Bg7 23. Nxd5 cxd5 24. Bxa5 Qxe7 25. Bc3 Qe4 26. Qxe4 dxe4 27. Bxg7 Kxg7 28. Rhe1 Re8 29. Re2 Re6 30. Rde1 Rfe7 31. Re3 h5 32. c4 Kf6 33. Kc2 Kf5 34. b4 a5 35. b5 Rc7 36. Kc3 Re5 37. a4 g4 38. Rf1+ Kg5 39. g3 Rf5 40. Rxf5+ Kxf5 41. Kd4 Rd7+ 42. Kc3 Rd1 43. c5 Rc1+ 44. Kd4 Rd1+ 45. Kc4 Ke5 46. b6 Rd4+ 47. Kb5 Rd3 48. Rxd3 1-0

[Event "Graz Anton Afritsch mem"]
[Site "Graz"]
[Date "1991.??.??"]
[Round "8"]
[White "Luther, Thomas"]
[Black "Danner, Georg"]
[Result "1/2-1/2"]
[WhiteElo "2470"]
[BlackElo "2360"]
[PlyCount "26"]
[EventDate "1991.03.02"]
[Source "ChessBase"]

1. e4 c5 2. Nf3 d6 3. d4 cxd4 4. Nxd4 Nf6 5. Nc3 a6 6. Bg5 e6 7. f4 Be7 8. Qf3 Qa5 9. O-O-O Bd7 10. Bc4 Nc6 11. Bb3 h6 12. Bh4 Qh5 13. Bxf6 Qxf3 1/2-1/2

[Event "Ch"]
[Site "Riga LAT"]
[Date "1984.??.??"]
[Round "?"]
[White "Lanka, Zigurds"]
[Black "Vitolins, Alvis"]
[Result "1/2-1/2"]
[WhiteElo "2365"]
[BlackElo "2465"]
[PlyCount "89"]
[EventDate "1984.??.??"]
[Source "www.chesslib.no"]
[SourceDate "2004.05.04"]

1. e4 c5 2. Nf3 d6 3. d4 cxd4 4. Nxd4 Nf6 5. Nc3 a6 6. Bg5 e6 7. f4 Be7 8. Qf3 O-O 9. O-O-O Ne8 10. Bxe7 Qxe7 11. Kb1 b5 12. Bd3 Bb7 13. Qh3 Nd7 14. Rhe1 Nc5 15. Re3 Nxd3 16. cxd3 Qf6 17. Nce2 e5 18. Nf5 Bc8 19. Rf1 Nc7 20. fxe5 dxe5 21. Rg3 g6 22. Nc1 Bxf5 23. exf5 Qc6 24. f6 Rfc8 25. Qh6 Ne8 26. Rgf3 Qc2+ 27. Ka1 Qxg2 28. R3f2 Qg4 29. Nb3 Rc6 30. Nd2 Rd8 31. Rf3 Rcd6 32. Rh3 Rxf6 33. Qxh7+ Kf8 34. Re1 Rd5 35. Qh8+ Ke7 36. Rhe3 Kd7 37. a3 Rf5 38. d4 Qxd4 39. Nf3 Rxf3 40. Rxf3 Nd6 41. Ref1 Kc7 42. Qf8 Rc5 43. Rxf7+ Nxf7 44. Qxf7+ Kb6 45. Qxg6+ 1/2-1/2